| 000 | 00451nam a2200169 a 4500 | ||
|---|---|---|---|
| 001 | 12376 | ||
| 005 | 20180713200632.0 | ||
| 008 | 140415s1973 sp 000 0 spa d | ||
| 041 | _aspa | ||
| 082 |
_a711 _bCIE |
||
| 100 | 1 | _aCHADWICK, G.F. | |
| 245 | 1 | 3 | _aUN VISION SISTEMATICA DEL PLANEAMIENTO |
| 250 | _a1a ed. | ||
| 260 |
_aESPAÑA : _bG. GILI, _c1973 |
||
| 490 |
_aCIENCIA URBANISTICA _v14 |
||
| 650 | 1 | 4 | _aPLANIFICACION REGIONAL |
| 999 |
_c12376 _d12376 |
||